[Event "Gorzow Wielkopolski Lasker Memor-B 2nd"]
[Site "Gorzow Wielkopolski"]
[Date "2018.07.07"]
[Round "7.7"]
[White "Twardowski, Hubert"]
[Black "Urbanowicz, Wojciech"]
[Result "1-0"]
[WhiteElo "1728"]
[BlackElo "1587"]
[PlyCount "53"]
[EventDate "2018.07.02"]
[EventType "swiss"]
[EventRounds "7"]
[EventCountry "POL"]
[SourceTitle "EXT 2023"]
[Source "ChessBase"]
[SourceDate "2022.10.05"]
[SourceVersion "1"]
[SourceVersionDate "2022.10.05"]
[SourceQuality "1"]

1. e4 e5 2. Nf3 Nc6 3. d4 exd4 4. Bc4 Bc5 5. c3 Nge7 6. 0-0 dxc3 7. Ng5 Ne5 8. Nxf7 Nxf7 9. Bxf7+ Kxf7 10. Qh5+ Ng6 11. Qd5+ Ke8 12. Qxc5 d6 13. Qxc3 Qe7 14. Qc2 Rf8 15. f4 Bd7 16. Nc3 Bc6 17. Bd2 Kd7 18. b4 a6 19. a4 Rae8 20. Rac1 b6 21. Nd5 Bxd5 22. Qxc7+ Ke6 23. f5+ Kf6 24. fxg6+ Kxg6 25. Qxe7 Rxf1+ 26. Rxf1 Rxe7 27. exd5 1-0